00467 2200181 4500001002100000005001500021035002000036245003400056100001800090250001000108300004000118260004600158082000800204084001400212020001900226504002000245990002000265INLIS00000000000536520260223070838 a0010-02260000451 aSelf Healing /cArdhi Mohamad0 aMohamad Ardhi aCet.1 a216 hlm, :bilus ;c12,5 x 18,5 cm. aJakarta; :bAlvi Ardhi Publishing,c2023. a811 a811 MOH s a978623970021-8 aTentang Penulis a16306/P/BL/2026